000
00230nam a2200097Ia 4500
005
20251222114359.0
008
251222s1900||||xx |||||||||||||| ||spa||
082
_a
DVD0040/T95
245
0
_a
La leyenda del tesoro perdido:
942
_c
DVD
999
_c
1546
_d
1546